Dovolenka - pojem, výmera, výpočet, krátenie a preplatenie

Jednotlivé ustanovenia o dovolenke v Zákonníku práce aj s praktickými príkladmi.

Uložené v:
Podrobná bibliografia
Hlavný autor: Toman, Jozef
Médium: Kapitola
Jazyk:Slovak
Predmet:
Tagy: Pridať tag
Žiadne tagy, Buďte prvý, kto otaguje tento záznam!

MARC

LEADER 00000naa a2200000 4500
001 0254546
005 20190604130131.8
041 0 |a slo 
044 |a SK 
245 1 0 |a Dovolenka - pojem, výmera, výpočet, krátenie a preplatenie  |c Jozef Toman 
520 |a Jednotlivé ustanovenia o dovolenke v Zákonníku práce aj s praktickými príkladmi. 
610 2 0 |a zákonník práce 
610 2 0 |a dovolenka 
610 2 0 |a pomer pracovný 
610 2 0 |a náhrada mzdy 
610 2 0 |a zamestnanci 
610 2 0 |a zamestnávatelia 
100 1 |a Toman, Jozef